| 000 | 00371nam a22001337a 4500 | ||
|---|---|---|---|
| 005 | 20200604092936.0 | ||
| 008 | 200604b xxu||||| |||| 00| 0 eng d | ||
| 100 |
_aThe All India Reporter _95740 |
||
| 245 | _aThe All India Reporter1987 (V-74) ORISSA Section | ||
| 260 |
_aBOMBAY _bThe All India Reporter Ltd. _c1987 |
||
| 300 | _a320p. | ||
| 650 |
_aLAW _95701 |
||
| 942 | _cJRL | ||
| 999 |
_c6787 _d6785 |
||